000 00376nam a2200157Ia 4500
008 210210b1985 xxu||||| |||| 00| 0 eng d
041 _aeng
082 _a538 KAGN
100 _aKAGANOV (M I) & TSUKERNIK (V M).
245 _aNature of magnetism.
260 _aMoscow
_bMir Publishers
_c1985
300 _a289
650 _aMagnetism
690 _aPhysics
906 _a037255
999 _c87360
_d87360